Cristología desde América Latina : esbozo a partir del seguimiento del Jesús histórico /

Uloženo v:
Podrobná bibliografie
Hlavní autor: Sobrino, Jon (autor)
Médium: Kniha
Jazyk:španělština
Vydáno: México : Centro de Reflexión Teológica, 1976, c1976
Tagy: Přidat tag
Žádné tagy, Buďte první, kdo vytvoří štítek k tomuto záznamu!

MARC

LEADER 00000nam^a2200000^a^4500
001 000561743
005 20250521000000.0
009 20260310131930.771
037 |a Acervo ITESO - Biblioteca 
041 |a ESP 
091 |a FGM. 01603 
100 |a Sobrino, Jon  |e (autor) 
245 1 0 |a Cristología desde América Latina :  |b esbozo a partir del seguimiento del Jesús histórico / 
264 4 |a México :  |b Centro de Reflexión Teológica,  |c 1976, c1976 
300 |a 346 p. 
336 |a texto  |b txt  |2 rdacontenido 
337 |a sin mediación  |b n  |2 rdamedio 
338 |a volumen  |b nc  |2 rdasoporte 
649 |a XX 
910 |a Fondo Efraín González Morfín 
920 |a Impresos - Libros 
930 |a Fondos Especiales 
905 |a 130 
901 |a 0500394252  |b IT2  |c ESL  |i D90200  |u 20250521 
902 |a https://opac.biblio.iteso.mx/vufind/Record/000561743